Quiz dos Livros da Bíblia Católica - Statistics

Estatísticas Gerais
  • Esse quiz foi jogado 1 091 vezes
  • A pontuação média é 38 de 73
Estatísticas das Respostas
Antigo e Novo Testamento % Correto
Gênesis
97%
Job
92%
Apocalipse
90%
São Mateus
89%
Exôdo
88%
São João
86%
São Lucas
85%
Salmos
83%
São Marcos
82%
Números
77%
Levítico
74%
Deuteronômio
73%
Atos dos Apóstolos
68%
Rute
67%
Ester
64%
Romanos
61%
Cântico dos Cânticos
59%
II Reis
59%
I Reis
59%
Isaías
58%
Provérbios
57%
São Judas
57%
I Coríntios
55%
II Coríntios
55%
Josué
55%
São Tiago
55%
Eclesiastes
54%
II São Pedro
53%
I São Pedro
53%
Juízes
52%
II São João
51%
I São João
51%
Sabedoria de Salomão
51%
Daniel
50%
Hebreus
50%
II Samuel
50%
I Samuel
50%
Jeremias
50%
Eclesiástico
48%
Filipenses
48%
Galátas
48%
Judite
48%
III São João
47%
Efésios
44%
II Tessalonicenses
44%
I Tessalonicenses
44%
Colossenses
43%
II Macabeus
43%
I Macabeus
43%
Ezequiel
42%
Jonas
42%
Malaquias
42%
Neemias
42%
Esdras
41%
I Crônicas
41%
II Crônicas
41%
Lamentações
41%
Zacarias
40%
Habacuque
39%
Tito
39%
Tobias
39%
Baruque
38%
Filemom
37%
Amós
36%
Oséias
36%
II Timóteo
34%
I Timóteo
34%
Abdias
33%
Naum
33%
Miquéias
30%
Joel
29%
Sofonias
29%
Ageu
27%
Nenhum quiz correspondente encontrado
Distribuição das Pontuações
Porcentagem de Pessoas com Cada Pontuação
Percentil de Números Respondidos
Sua Pontuação Histórica
Você não jogou esse quiz